000 00797nam a22002657a 4500
001 BR6001300
003 BR-BrBNA
005 20230928083054.0
007 ta
008 230509b bl.||||| |||| 00| 0 por d
040 _aBR-BrBNA
_bpor
_cBiblioteca Nacional de Agricultura
041 _a(Por)
072 _aE30
_b/G514
090 _ E30 BR6001300
100 1 _aCarvalho, O. de
110 1 _aMinisterio do Interior, Brasilia, DF (Brasil). Secretaria Geral
_97122
245 1 _aAcoes no campo do desenvolvimento regional [Desenvolvimento economico; Brasil]
260 3 _aBrasilia, DF (Brasil):
_c1979.
300 _a65 p.
500 _aSummaries (Eng, Por)
650 _aDesenvolvimento economico
650 _aPolitica economica
909 _a202309
_bLucia
_c55
_dLucia Elande
942 _cBK
999 _c11420
_d11420